00579 2200205 4500001002100000005001500021035002000036245008200056250001700138300003000155264003800185336002900223337002000252338002700272082001000299084001600309020002200325600001700347990000900364INLIS00000000000209520260112115541 a0010-01260000241 aKecil-kecil Punya Karya :bDamai Bersama Alqur'an /cAl-Farabi Alma Putra,dkk aCetakan VIII a104 hlm :bilust ;c21 cm aBandung :bMuffin Graphics,c2017 2rdacontentaSeni (komik) 2rdamediaaFisik 2rdacarrieraHard Cover a741.5 a741.5 FAR k a978-602-367-131-1 4aSeni (komik) a6347